| 000 | 00447nam a22001937a 4500 | ||
|---|---|---|---|
| 003 | MPLRDC | ||
| 005 | 20220104113703.0 | ||
| 008 | 210129b ||||| |||| 00| 0 eng d | ||
| 020 | _a962-447-395-1 | ||
| 082 | _a857.621 NK-12 v.8 | ||
| 100 | _a倪匡 | ||
| 245 |
_a天敌 _c |
||
| 250 | _a初版 | ||
| 260 |
_a _b勤+缘 _c1994 |
||
| 300 | _b平 | ||
| 490 | _a倪匡科幻系列. 21 | ||
| 650 | _a科幻小说 | ||
| 942 |
_cBK _o857.621 NK-12 v.8 |
||
| 999 |
_c1568 _d1558 |
||